Bilecik Bilecik Bilecik Bilecik Bilecik

CNC tekniği = (Record no. 40962)

MARC details
000 -BAŞLIK
Sabit Uzunluktaki Kontrol Alanı 01179nam a22003737a 4500
001 - KONTROL NUMARASI
Control Dosyası 0041101
003 - KONTROL NUMARASI KİMLİĞİ
Kontrol Alanı KOHA_MİRAKIL
005 - EN SON İŞLEM TARİHİ ve ZAMANI
Kontrol Alanı 20260207003224.0
007 - FİZİKSEL TANIM SABİT ALAN - GENEL BİLGİ
Sabit uzunluklu kontrol alanı ta
008 - SABİT UZUNLUKTAKİ VERİ ÖGELERİ - GENEL BİLGİ
Sabit Alan 130814b2012 tu a|||gr||||#||||0|tur |
020 ## - ISBN - ULUSLARARASI STANDART KİTAP NUMARASI
Isbn 9789750220593
040 ## - KATALOGLAMA KAYNAĞI
Özgün Kataloglama Kurumu TR-BiSEU
Kataloglama Dili tur
Çeviri Kurumu TR-BiSEU
Açıklama Kuralları rda
041 0# - DİL KODU
Metin ya da ses kaydının dil kodu tur
044 ## - YAYINLAYAN/ÜRETEN KURULUŞUN ÜLKE KODU
ISO country code tu
050 ## - SINIFLAMA ve YER NUMARASI
Sınıflama Numarası TJ1189
Yer Numarası .G38 2012
100 1# - KİŞİ ADI
Yazar Adı (Kişi adı) Gavas, Muammer.
240 10 - TEK BİÇİM BAŞLIK
Tekbiçim Başlık <a href="computer numerical control">computer numerical control</a>
Language of a work Türkçe
245 1# - ESER ADI BİLDİRİMİ
Başlık CNC tekniği =
Alt Eseradı vb. computer numerical control/
Sorumluluk Bildirimi Muammer Gavas ; Muammer Gavas .
250 ## - BASIM BİLDİRİMİ
Basım Bildirimi 1. bs.
264 #1 - ÜRERİM, YAYIN, DAĞITIM ve TELİF BİLDİRİMİ
Yayın yeri Ankara :
Yayınlayan Seçkin Yayıncılık
Yayın tarihi 2012
300 ## - FİZİKSEL TANIMLAMA
Sayfa, Cilt vb. 344 sayfa :
Diğer fiziki detaylar resimli; 23 cm.
336 ## - İÇERİK TÜRÜ
Content type term metin
Content type code txt
Source rdacontent
337 ## - MEDYA TÜRÜ
Media type term aracısız
Media type code n
Source rdamedia
338 ## - TAŞIYICI TÜRÜ
Carrier type term cilt
Carrier type code nc
Source rdacarrier
490 1# - DİZİ BİLDİRİMİ
Dizi Bildirimi Seçkin Teknik No ;
Cilt Numarası 16.
500 ## - GENEL NOT
Genel Not Dış kapakta: CNC Tekniği ve Teknolojisi
500 ## - GENEL NOT
Genel Not Dizin var.
650 #0 - KONU BAŞLIĞI EK GİRİŞ - KONU TERİMİ
Konusal terim veya coğrafi ad Makine-araçları--Sayısal kontrol.
9 (RLIN) 76254
650 #0 - KONU BAŞLIĞI EK GİRİŞ - KONU TERİMİ
Konusal terim veya coğrafi ad Machine-tools--Numerical control.
9 (RLIN) 2985
650 #0 - KONU BAŞLIĞI EK GİRİŞ - KONU TERİMİ
Konusal terim veya coğrafi ad CNC--Nümerik Kontrol.
9 (RLIN) 76255
650 #0 - KONU BAŞLIĞI EK GİRİŞ - KONU TERİMİ
Konusal terim veya coğrafi ad CNC--Numerical Control.
9 (RLIN) 76256
830 1# - SERİ EK GİRİŞİ - TEKBİÇİM ESER ADI
Tekbiçim Başlık Seçkin Teknik No ;
Volume number/sequential designation 16.
9 (RLIN) 69410
942 ## - EK GİRİŞ ÖGELERİ (KOHA)
Source of classification or shelving scheme Library of Congress Classification
Koha item type Book
Holdings
Materyal Türü Kalıcı Konum Mevcut Konum Raf Yeri Sınıflandırma Kaynağı Edinim Bilgisi Ana Konular Alt Konular Yer Numarası Demirbaş Numarası Fatura Tarihi Maliyet, Alış Fiyatı Maliyet, Yenileme Fiyatı Geri Çekilme Durumu Kayıp Durumu Hasarlı Durumu Kredi için değil Kayıt Tarih Toplam Ödünçverme Son Görülme Tarihi Son Kontrol Tarihi Satın Alma Notu
Book Prof. Dr. Azmi Özcan Kütüphanesi Prof. Dr. Azmi Özcan Kütüphanesi Birûni Salonu Library of Congress Classification Satın TEKNOLOJİ Makine Mühendisliği ve Makineler TJ1189 .G38 2012 0041101 24/09/2013 13.62 13.62         30/07/2013 3 05/12/2024 05/12/2024 73291-73383 (92 sayfa)
Book Prof. Dr. Azmi Özcan Kütüphanesi Prof. Dr. Azmi Özcan Kütüphanesi Birûni Salonu Library of Congress Classification Satın TEKNOLOJİ Makine Mühendisliği ve Makineler TJ1189 .G38 2012 0044336 24/09/2013 13.62 13.62         14/08/2013 4 05/12/2024 05/12/2024 73291-73383 (92 sayfa)